|
|
|
|
| LEADER |
00000nam0a2200000 4500 |
| 001 |
86198 |
| 005 |
20231101213449.0 |
| 010 |
|
|
|a 5922106325
|b 2000 экз.
|
| 021 |
|
|
|a RU
|b 05-59984
|9 05-2943
|
| 035 |
|
|
|a (RuTPU)RU\TPU\book\92580
|
| 090 |
|
|
|a 86198
|
| 100 |
|
|
|a 20051123d2005 em y0rusy5002 ca
|
| 101 |
0 |
|
|a rus
|
| 102 |
|
|
|a RU
|
| 105 |
|
|
|a a j 001zy
|
| 200 |
1 |
|
|a Эксперимент в физике
|e физический практикум
|f В. И. Шутов, В. Г. Сухов, Д. В. Подлесный
|
| 210 |
|
|
|a Москва
|c Физматлит
|d 2005
|
| 215 |
|
|
|a 183 с.
|c ил.
|
| 320 |
|
|
|a Библиогр.: с. 183
|
| 606 |
|
|
|a Экспериментальная физика
|2 stltpush
|3 (RuTPU)RU\TPU\subj\26784
|9 50635
|
| 610 |
1 |
|
|a физика
|
| 610 |
1 |
|
|a физические эксперименты
|
| 610 |
1 |
|
|a экспериментальные установки
|
| 610 |
1 |
|
|a описание
|
| 610 |
1 |
|
|a практикумы
|
| 610 |
1 |
|
|a теория
|
| 610 |
1 |
|
|a измерения
|
| 610 |
1 |
|
|a результаты
|
| 610 |
1 |
|
|a учебные пособия
|
| 675 |
|
|
|a 53.05(076.5)
|v 3
|z rus
|
| 700 |
|
1 |
|a Шутов
|b В. И.
|g Владимир Иванович
|4 070
|
| 701 |
|
1 |
|a Сухов
|b В. Г.
|g Вячеслав Григорьевич
|4 070
|
| 701 |
|
1 |
|a Подлесный
|b Д. В.
|g Дмитрий Владимирович
|4 070
|
| 801 |
|
0 |
|a RU
|b RKP
|c 20051017
|g PSBO
|
| 801 |
|
1 |
|a RU
|b 63413507
|c 20051123
|g PSBO
|
| 801 |
|
2 |
|a RU
|b 63413507
|c 20190529
|g PSBO
|
| 942 |
|
|
|c BK
|